[Event "Ceriano Laghetto op-B 24th"]
[Site "Ceriano Laghetto"]
[Date "2015.03.06"]
[Round "1"]
[White "Viale, Fabio"]
[Black "Pedemonte, Claudio"]
[Result "1/2-1/2"]
[WhiteElo "1825"]
[BlackElo "1707"]
[PlyCount "99"]
[EventDate "2015.03.06"]
[EventType "swiss"]
[EventRounds "5"]
[EventCountry "ITA"]
[SourceTitle "EXT 2017"]
[Source "ChessBase"]
[SourceDate "2016.10.25"]
[SourceVersion "1"]
[SourceVersionDate "2016.10.25"]
[SourceQuality "1"]

1. d4 d6 2. c4 e5 3. dxe5 dxe5 4. Qxd8+ Kxd8 5. Nc3 Be6 6. Nf3 f6 7. e4 c6 8. Be3 Nd7 9. a3 Bc5 10. Bxc5 Nxc5 11. b4 Nd7 12. Rd1 Kc7 13. Be2 Nh6 14. 0-0 Nb6 15. Nd2 Rad8 16. c5 Nc8 17. Nc4 Nf7 18. a4 Rxd1 19. Rxd1 Rd8 20. Rxd8 Nxd8 21. g3 Bf7 22. f4 exf4 23. gxf4 Ne6 24. f5 Nd4 25. Nd2 Nxe2+ 26. Nxe2 Ne7 27. Nd4 Kd7 28. Kf2 a6 29. Kg3 g6 30. Kf4 g5+ 31. Kg3 h5 32. h4 gxh4+ 33. Kxh4 Ng8 34. Nf1 Nh6 35. Ng3 Ng4 36. Nf3 Ne3 37. e5 Ng2+ 38. Kh3 Nf4+ 39. Kh2 fxe5 40. Nxe5+ Ke7 41. Ne4 Nd5 42. Nd6 Bg8 43. Nd3 Bh7 44. b5 cxb5 45. axb5 axb5 46. Kg3 b4 47. Kh4 Kf6 48. Kxh5 Bxf5 49. Nxb4 Nxb4 50. Nxb7 1/2-1/2

[Event "Monza e Brianza Province-ch"]
[Site "Ceriano Laghetto"]
[Date "2015.01.20"]
[Round "1"]
[White "Viale, Fabio"]
[Black "Dalla Libera, Sergio"]
[Result "1-0"]
[WhiteElo "1825"]
[BlackElo "1589"]
[PlyCount "25"]
[EventDate "2015.01.20"]
[EventType "swiss"]
[EventRounds "6"]
[EventCountry "ITA"]
[SourceTitle "EXT 2017"]
[Source "ChessBase"]
[SourceDate "2016.10.25"]
[SourceVersion "1"]
[SourceVersionDate "2016.10.25"]
[SourceQuality "1"]

1. d4 d5 2. c4 dxc4 3. e4 e5 4. Nf3 exd4 5. Bxc4 Nc6 6. 0-0 Bc5 7. Qc2 Qe7 8. Bf4 Bd6 9. Bxd6 Qxd6 10. e5 Qe7 11. Na3 a6 12. Rad1 Be6 13. Bxe6 1-0

[Event "Monza e Brianza Province-ch"]
[Site "Ceriano Laghetto"]
[Date "2014.02.11"]
[Round "4"]
[White "Lapiccirella, Daniele"]
[Black "Viale, Fabio"]
[Result "1-0"]
[WhiteElo "2215"]
[BlackElo "1834"]
[PlyCount "27"]
[EventDate "2014.01.21"]
[EventType "swiss"]
[EventRounds "6"]
[EventCountry "ITA"]
[SourceTitle "EXT 2015"]
[Source "ChessBase"]
[SourceDate "2014.11.20"]
[SourceVersion "1"]
[SourceVersionDate "2014.11.20"]
[SourceQuality "1"]

1. d4 Nf6 2. c4 e6 3. Nc3 Bb4 4. Nf3 c5 5. g3 Nc6 6. d5 Bxc3+ 7. bxc3 exd5 8. cxd5 Ne7 9. d6 Nf5 10. Bh3 Nh6 11. Bxh6 gxh6 12. Qd2 Qa5 13. 0-0 c4 14. Qe3+ 1-0

[Event "Monza e Brianza Province-ch"]
[Site "Ceriano Laghetto"]
[Date "2014.01.29"]
[Round "2"]
[White "Fusi, Claudio"]
[Black "Viale, Fabio"]
[Result "1/2-1/2"]
[WhiteElo "1610"]
[BlackElo "1834"]
[PlyCount "55"]
[EventDate "2014.01.21"]
[EventType "swiss"]
[EventRounds "6"]
[EventCountry "ITA"]
[SourceTitle "EXT 2015"]
[Source "ChessBase"]
[SourceDate "2014.11.20"]
[SourceVersion "1"]
[SourceVersionDate "2014.11.20"]
[SourceQuality "1"]

1. d4 Nf6 2. Nf3 b6 3. e3 Bb7 4. Nbd2 e6 5. Bd3 d5 6. Qe2 Be7 7. 0-0 0-0 8. c3 Nbd7 9. Bb5 c6 10. Ba6 Qc8 11. Bxb7 Qxb7 12. Ne5 Rac8 13. b4 c5 14. a3 cxd4 15. cxd4 Rc7 16. b5 Nxe5 17. dxe5 Nd7 18. f4 f6 19. Qg4 f5 20. Qd1 Nc5 21. Nf3 a6 22. a4 axb5 23. axb5 Ra8 24. Bb2 Rxa1 25. Bxa1 Qa8 26. Nd4 Ra7 27. Nc6 Rc7 28. Nd4 1/2-1/2

[Event "Ceriano Laghetto op-B 22nd"]
[Site "Ceriano Laghetto"]
[Date "2013.03.01"]
[Round "1"]
[White "Viale, Fabio"]
[Black "Galimberti, Maurizio"]
[Result "1-0"]
[WhiteElo "1821"]
[BlackElo "1658"]
[PlyCount "83"]
[EventDate "2013.03.01"]
[EventType "swiss"]
[EventRounds "5"]
[EventCountry "ITA"]
[SourceTitle "EXT 2024"]
[Source "ChessBase"]
[SourceDate "2023.10.10"]
[SourceVersion "1"]
[SourceVersionDate "2023.10.10"]
[SourceQuality "1"]

1. d4 Nc6 2. c4 e5 3. d5 Nce7 4. e4 Ng6 5. Nf3 Bc5 6. Nc3 d6 7. Be2 Nf6 8. 0-0 0-0 9. a3 a6 10. b4 Ba7 11. h3 Nh5 12. Kh2 Nhf4 13. Be3 Bd7 14. g4 Nh4 15. Bxf4 Nxf3+ 16. Bxf3 exf4 17. Ne2 g5 18. Nd4 Qf6 19. Nf5 Bxf5 20. gxf5 Bd4 21. Ra2 Be5 22. Rg1 Qh6 23. Rg4 f6 24. Qe2 Qg7 25. Rg2 h5 26. Kh1 h4 27. Bh5 Kh8 28. Bg6 Qh6 29. Rc2 Rac8 30. Rg1 Rg8 31. Qg4 Rg7 32. c5 Re7 33. Rgc1 Kg8 34. a4 Kf8 35. Qe2 Rg7 36. c6 bxc6 37. Qxa6 Rd8 38. Rxc6 Rxg6 39. fxg6 Qxg6 40. f3 f5 41. Qd3 fxe4 42. Qxe4 1-0

[Event "Monza und Brianza Province-ch"]
[Site "Barlassina"]
[Date "2012.02.05"]
[Round "4"]
[White "Paniga, Danilo"]
[Black "Viale, Fabio"]
[Result "0-1"]
[WhiteElo "1854"]
[BlackElo "1812"]
[PlyCount "118"]
[EventDate "2012.02.03"]
[EventType "swiss"]
[EventRounds "5"]
[EventCountry "ITA"]
[SourceTitle "EXT 2024"]
[Source "ChessBase"]
[SourceDate "2023.10.10"]
[SourceVersion "1"]
[SourceVersionDate "2023.10.10"]
[SourceQuality "1"]

1. d4 Nf6 2. Nf3 b6 3. Nbd2 Bb7 4. c3 e6 5. e3 d5 6. Bd3 Nbd7 7. 0-0 Be7 8. Qe2 0-0 9. e4 dxe4 10. Nxe4 Nxe4 11. Bxe4 Qc8 12. Bxb7 Qxb7 13. Ng5 Nf6 14. Re1 Qc6 15. Ne4 Nxe4 16. Qxe4 Qxe4 17. Rxe4 c5 18. dxc5 Bxc5 19. Be3 Bxe3 20. Rxe3 Rfd8 21. Kf1 Rd2 22. Re2 Rad8 23. Ke1 R2d3 24. Rc1 Kf8 25. Rec2 R8d5 26. c4 Re5+ 27. Re2 Rg5 28. g3 Ke7 29. Rd1 Rxd1+ 30. Kxd1 Rg4 31. b3 Rd4+ 32. Kc2 Kd6 33. Kc3 Rd1 34. Rd2+ Rxd2 35. Kxd2 a5 36. a3 Kc5 37. Kc3 e5 38. b4+ axb4+ 39. axb4+ Kc6 40. Kd3 f5 41. Ke3 Kd6 42. Kf3 g6 43. g4 Ke6 44. gxf5+ gxf5 45. Kg3 Kd6 46. Kh4 e4 47. Kg3 Ke5 48. c5 bxc5 49. bxc5 f4+ 50. Kg4 h5+ 51. Kxh5 e3 52. fxe3 fxe3 53. c6 Kd6 54. Kg6 e2 55. h4 e1Q 56. h5 Qe8+ 57. Kg5 Kxc6 58. h6 Qg8+ 59. Kf6 Qh7 0-1

[Event "Monza und Brianza Province-ch"]
[Site "Barlassina"]
[Date "2012.02.05"]
[Round "5"]
[White "Viale, Fabio"]
[Black "Regorda, Vittorio"]
[Result "1/2-1/2"]
[WhiteElo "1812"]
[BlackElo "1832"]
[PlyCount "66"]
[EventDate "2012.02.03"]
[EventType "swiss"]
[EventRounds "5"]
[EventCountry "ITA"]
[SourceTitle "EXT 2024"]
[Source "ChessBase"]
[SourceDate "2023.10.10"]
[SourceVersion "1"]
[SourceVersionDate "2023.10.10"]
[SourceQuality "1"]

1. d4 d5 2. c4 c6 3. Nf3 Nf6 4. Nc3 a6 5. e3 Bg4 6. Be2 e6 7. Ne5 Bxe2 8. Qxe2 Bd6 9. f4 0-0 10. 0-0 Nfd7 11. c5 Bxe5 12. fxe5 f5 13. b4 Rf7 14. Qh5 Nf8 15. Bd2 Nbd7 16. Be1 Ng6 17. Ne2 Ndf8 18. Kh1 h6 19. Nf4 Qg5 20. h4 Qxh5 21. Nxh5 Nh7 22. Rf3 Kh8 23. g3 Ngf8 24. Kg2 g6 25. Nf4 g5 26. Nd3 Ng6 27. h5 Ne7 28. Bd2 Raf8 29. Rh1 Kg8 30. Rff1 Kg7 31. Be1 Rb8 32. a4 Nf8 33. a5 Nh7 1/2-1/2

[Event "Ceriano Laghetto op-B 20th"]
[Site "Ceriano Laghetto"]
[Date "2011.04.03"]
[Round "4"]
[White "Viale, Fabio"]
[Black "Silini, Bruno"]
[Result "1-0"]
[WhiteElo "1810"]
[BlackElo "1661"]
[PlyCount "71"]
[EventDate "2011.04.01"]
[EventType "swiss"]
[EventRounds "5"]
[EventCountry "ITA"]
[SourceTitle "EXT 2023"]
[Source "ChessBase"]
[SourceDate "2022.10.05"]
[SourceVersion "1"]
[SourceVersionDate "2022.10.05"]
[SourceQuality "1"]

1. d4 Nf6 2. c4 g6 3. Nc3 Bg7 4. Nf3 e6 5. e4 d5 6. e5 Nfd7 7. cxd5 Nb6 8. Bb5+ c6 9. dxc6 Nxc6 10. 0-0 0-0 11. Ne4 Bd7 12. Bg5 Qb8 13. Rc1 a6 14. Bxc6 Bxc6 15. Nf6+ Kh8 16. Qd2 Qa7 17. Qf4 Nd5 18. Qh4 h5 19. g4 Nf4 20. Bxf4 Bxf3 21. gxh5 Bxh5 22. Nxh5 gxh5 23. Qxh5+ Kg8 24. Be3 b5 25. Qf3 f6 26. Qh5 Qb7 27. f3 fxe5 28. dxe5 Rf5 29. Qg4 Raf8 30. f4 Kf7 31. Qg2 Qb8 32. Qc6 Bxe5 33. Qd7+ Kf6 34. fxe5+ Qxe5 35. Rxf5+ exf5 36. Rc6+ 1-0

[Event "Ceriano Laghetto op-B 20th"]
[Site "Ceriano Laghetto"]
[Date "2011.04.01"]
[Round "1"]
[White "Madaschi, Sergio"]
[Black "Viale, Fabio"]
[Result "0-1"]
[WhiteElo "1620"]
[BlackElo "1810"]
[PlyCount "64"]
[EventDate "2011.04.01"]
[EventType "swiss"]
[EventRounds "5"]
[EventCountry "ITA"]
[SourceTitle "EXT 2023"]
[Source "ChessBase"]
[SourceDate "2022.10.05"]
[SourceVersion "1"]
[SourceVersionDate "2022.10.05"]
[SourceQuality "1"]

1. e4 c5 2. Nf3 d6 3. d4 cxd4 4. Nxd4 Nf6 5. Nc3 a6 6. Bg5 Nbd7 7. f4 e5 8. fxe5 dxe5 9. Nf3 Bb4 10. Qd2 0-0 11. 0-0-0 Qa5 12. Bc4 Nxe4 13. Qe3 Nxc3 14. bxc3 Bxc3 15. Be7 b5 16. Bb3 b4 17. Rdf1 Nf6 18. Bxf8 Kxf8 19. Ng5 Qa3+ 20. Kd1 Bg4+ 21. Rf3 Rd8+ 22. Ke2 Bxf3+ 23. Kxf3 Bd4 24. Qe2 Rc8 25. Rd1 Rc3+ 26. Rd3 Qc1 27. Nh3 Qh6 28. Rxc3 Qh5+ 29. Kg3 Qxe2 30. Rc8+ Ke7 31. Rc7+ Kd6 32. Rxf7 Qg4# 0-1

[Event "Ceriano Laghetto op-B 18th"]
[Site "Ceriano Laghetto"]
[Date "2009.03.29"]
[Round "5"]
[White "Brioschi, Camillo"]
[Black "Viale, Fabio"]
[Result "0-1"]
[WhiteElo "1872"]
[BlackElo "1818"]
[PlyCount "75"]
[EventDate "2009.03.27"]
[EventType "swiss"]
[EventRounds "5"]
[EventCountry "ITA"]
[SourceTitle "EXT 2011"]
[Source "ChessBase"]
[SourceDate "2010.11.26"]
[SourceVersion "1"]
[SourceVersionDate "2010.11.26"]
[SourceQuality "1"]

1. d4 Nf6 2. c4 e6 3. Nc3 Bb4 4. e3 0-0 5. Bd3 b6 6. Nge2 Bb7 7. 0-0 d5 8. cxd5 Nxd5 9. Nxd5 Bxd5 10. e4 Bb7 11. Be3 Nd7 12. Rc1 Rc8 13. a3 Be7 14. b4 c5 15. dxc5 bxc5 16. b5 Ne5 17. Bb1 Qa5 18. Qb3 c4 19. Qc3 Qxc3 20. Rxc3 Rfd8 21. f3 Bf6 22. Rc2 Rd3 23. Bc1 c3 24. Ba2 Nc4 25. Bxc4 Rxc4 26. Nf4 Rd7 27. Ne2 Rd3 28. Kf2 Be7 29. Nf4 Bc5+ 30. Ke2 Rd7 31. Rd1 Rxd1 32. Kxd1 a6 33. bxa6 Bxa6 34. Ne2 Bd4 35. Bd2 Ra4 36. Bxc3 Bxe2+ 37. Kxe2 Bc5 38. Bb4 0-1

[Event "Ceriano Laghetto op-B 18th"]
[Site "Ceriano Laghetto"]
[Date "2009.03.29"]
[Round "4"]
[White "Viale, Fabio"]
[Black "Palminteri, Vincenzo"]
[Result "0-1"]
[WhiteElo "1818"]
[BlackElo "1863"]
[PlyCount "61"]
[EventDate "2009.03.27"]
[EventType "swiss"]
[EventRounds "5"]
[EventCountry "ITA"]
[SourceTitle "EXT 2011"]
[Source "ChessBase"]
[SourceDate "2010.11.26"]
[SourceVersion "1"]
[SourceVersionDate "2010.11.26"]
[SourceQuality "1"]

1. d4 Nf6 2. c4 g6 3. Nc3 d5 4. Bf4 Bg7 5. e3 0-0 6. Nf3 c5 7. dxc5 Qa5 8. Qa4 Qxc5 9. b4 Qc6 10. Ne5 Qxa4 11. Nxa4 Nfd7 12. Nxd7 Bxd7 13. Nc5 Bxa1 14. Bxb8 Bc6 15. b5 Raxb8 16. bxc6 bxc6 17. Nb3 Bc3+ 18. Kd1 Rfd8 19. Kc2 Be1 20. f3 a5 21. Bd3 Bf2 22. e4 a4 23. Na5 a3 24. Nxc6 Rb2+ 25. Kc1 Be3+ 26. Kd1 Rxa2 27. Nxd8 Ra1+ 28. Kc2 Rxh1 29. Kb3 Rd1 30. Bc2 dxc4+ 31. Kxa3 0-1

[Event "Ceriano Laghetto op-B 18th"]
[Site "Ceriano Laghetto"]
[Date "2009.03.28"]
[Round "3"]
[White "Viale, Fabio"]
[Black "Bellotto, Stefano"]
[Result "0-1"]
[WhiteElo "1818"]
[BlackElo "1992"]
[PlyCount "97"]
[EventDate "2009.03.27"]
[EventType "swiss"]
[EventRounds "5"]
[EventCountry "ITA"]
[SourceTitle "EXT 2011"]
[Source "ChessBase"]
[SourceDate "2010.11.26"]
[SourceVersion "1"]
[SourceVersionDate "2010.11.26"]
[SourceQuality "1"]

1. d4 d6 2. e4 Nf6 3. Nc3 c6 4. Nf3 Bg4 5. Be2 e6 6. 0-0 d5 7. exd5 cxd5 8. Ne5 Bxe2 9. Qxe2 Nc6 10. Qb5 Qc7 11. Bf4 Bd6 12. Rfe1 0-0 13. Rad1 Ne7 14. Qd3 a6 15. h3 Ng6 16. Nxg6 hxg6 17. Be5 Rac8 18. g4 b5 19. Bxf6 gxf6 20. Rc1 Bf4 21. Rb1 Qc4 22. Qd1 Bg5 23. Re2 Kg7 24. a3 Rh8 25. Kg2 Qc7 26. Qd3 Qf4 27. Qe3 Qd6 28. Qd3 Qb6 29. Rbe1 Rc4 30. Rd1 Qc7 31. Rh1 Qf4 32. Rd1 f5 33. Qe3 fxg4 34. Qxf4 Bxf4 35. hxg4 Rh2+ 36. Kf3 g5 37. Ree1 a5 38. Re2 b4 39. axb4 Rxb4 40. b3 Rb8 41. Na4 Rbh8 42. Ree1 R8h3+ 43. Ke2 Re3+ 44. Kf1 Rh1+ 45. Kg2 Rhxe1 46. Rxe1 Rxe1 47. c4 dxc4 48. bxc4 Rc1 49. c5 0-1

[Event "Ceriano Laghetto op"]
[Site "Ceriano Laghetto"]
[Date "2009.02.24"]
[Round "4"]
[White "Napoli, Ferdinando"]
[Black "Viale, Fabio"]
[Result "0-1"]
[WhiteElo "1731"]
[BlackElo "1818"]
[PlyCount "118"]
[EventDate "2009.02.03"]
[EventType "swiss"]
[EventRounds "6"]
[EventCountry "ITA"]
[SourceTitle "EXT 2011"]
[Source "ChessBase"]
[SourceDate "2010.11.26"]
[SourceVersion "1"]
[SourceVersionDate "2010.11.26"]
[SourceQuality "1"]

1. b3 e5 2. Bb2 d6 3. e3 Nc6 4. Nf3 Bg4 5. Be2 Nf6 6. c4 Be7 7. Nc3 0-0 8. 0-0 Re8 9. h3 Bh5 10. d3 Bf8 11. Qd2 h6 12. Rfd1 Qe7 13. Ne1 Bxe2 14. Qxe2 Qe6 15. Nf3 Rad8 16. e4 Qc8 17. Nd5 Be7 18. Qe3 b6 19. Qe2 Nb8 20. Ne3 c5 21. Nf5 Bf8 22. Nh2 g6 23. Ne3 Nc6 24. Qf3 Qe6 25. Nd5 Nh5 26. Nc7 Qd7 27. Nxe8 Rxe8 28. Ng4 Bg7 29. Ne3 Rf8 30. g4 Nf4 31. Nd5 Nxd5 32. cxd5 Ne7 33. Qg3 g5 34. Rac1 Ng6 35. Rc2 Nh4 36. Bc1 Qe7 37. Rf1 Ng6 38. Bd2 Kh7 39. a3 a5 40. b4 cxb4 41. axb4 a4 42. b5 Ra8 43. Ra1 Nh4 44. f3 Qf6 45. Kf2 Bf8 46. Rca2 Ra7 47. Rxa4 Rxa4 48. Rxa4 Qd8 49. Be3 Qc7 50. Rc4 Qa7 51. Ke2 Qa2+ 52. Bd2 Ng6 53. Qf2 Nf4+ 54. Ke3 Nxh3 55. Qe1 Nf4 56. Qc1 Qb3 57. Qc2 Qxb5 58. Qa4 Qb1 59. Qc2 Qg1# 0-1

[Event "Ceriano Laghetto op"]
[Site "Ceriano Laghetto"]
[Date "2009.02.03"]
[Round "1"]
[White "Viale, Fabio"]
[Black "Nastasi, Ivano"]
[Result "1-0"]
[WhiteElo "1818"]
[BlackElo "1503"]
[PlyCount "103"]
[EventDate "2009.02.03"]
[EventType "swiss"]
[EventRounds "6"]
[EventCountry "ITA"]
[SourceTitle "EXT 2011"]
[Source "ChessBase"]
[SourceDate "2010.11.26"]
[SourceVersion "1"]
[SourceVersionDate "2010.11.26"]
[SourceQuality "1"]

1. d4 Nf6 2. c4 e6 3. Nc3 Bb4 4. e3 d5 5. a3 Bxc3+ 6. bxc3 Ne4 7. Qc2 c5 8. Bd3 Qa5 9. Ne2 cxd4 10. Bxe4 dxe4 11. exd4 f5 12. a4 Bd7 13. Ba3 Qxa4 14. Qxa4 Bxa4 15. Bd6 Bb3 16. c5 a6 17. Rb1 Bd5 18. Nf4 g5 19. Nxd5 exd5 20. Rxb7 Nc6 21. 0-0 Kd8 22. Rfb1 Rc8 23. Rg7 h6 24. Rbb7 a5 25. Rgd7+ Ke8 26. Rdc7 Kd8 27. Rxc8+ Kxc8 28. Rc7+ Kd8 29. Rxc6 Rh7 30. Ra6 Rb7 31. Rb6 Ra7 32. Rb1 a4 33. Ra1 f4 34. Kf1 a3 35. h4 a2 36. hxg5 hxg5 37. Ke2 Ra3 38. Kd2 f3 39. gxf3 exf3 40. Bg3 Kd7 41. Kc2 Kc6 42. Kb2 Ra8 43. Rxa2 Re8 44. Kb3 Kb5 45. Ra7 Re1 46. Rb7+ Kc6 47. Rg7 Kb5 48. Rxg5 Rb1+ 49. Kc2 Ra1 50. Kd3 Rd1+ 51. Ke3 Kc4 52. Kxf3 1-0

[Event "Ceriano Laghetto op-B 17th"]
[Site "Ceriano Laghetto"]
[Date "2008.03.28"]
[Round "1"]
[White "D'Alessio, Angelo"]
[Black "Viale, Fabio"]
[Result "1-0"]
[WhiteElo "1961"]
[BlackElo "1809"]
[PlyCount "89"]
[EventDate "2008.03.28"]
[EventType "swiss"]
[EventRounds "5"]
[EventCountry "ITA"]
[SourceTitle "EXT 2011"]
[Source "ChessBase"]
[SourceDate "2010.11.26"]
[SourceVersion "1"]
[SourceVersionDate "2010.11.26"]
[SourceQuality "1"]

1. d4 Nf6 2. c4 e6 3. Nf3 b6 4. e3 Bb7 5. Bd3 Bb4+ 6. Nbd2 0-0 7. 0-0 d5 8. a3 Bxd2 9. Nxd2 Nbd7 10. cxd5 exd5 11. b4 Rc8 12. Rb1 Ne4 13. Nxe4 dxe4 14. Be2 Nf6 15. Bb2 Qe7 16. Qa4 Bd5 17. Rfc1 c5 18. dxc5 bxc5 19. bxc5 Nd7 20. Qd4 Nf6 21. a4 Ba2 22. Ra1 Rfd8 23. Qc3 Be6 24. a5 Rd5 25. c6 Rg5 26. h4 Nd5 27. Qd4 Rg6 28. Bh5 Rf6 29. Qxe4 Rh6 30. Qd4 f5 31. Bf3 Rxh4 32. Qe5 Qf7 33. Rd1 Nf6 34. c7 Nd7 35. Qg3 Rh6 36. Rac1 g5 37. Qxg5+ Rg6 38. Qd8+ Nf8 39. Qh4 Rxc7 40. Qd4 Rg7 41. Rxc7 Qxc7 42. Qxg7+ Qxg7 43. Bxg7 Kxg7 44. Rd6 Kf6 45. Ra6 1-0

[Event "Ceriano Laghetto op"]
[Site "Ceriano Laghetto"]
[Date "2008.02.12"]
[Round "2"]
[White "Viale, Fabio"]
[Black "Gagliardi, Christian"]
[Result "0-1"]
[WhiteElo "1809"]
[BlackElo "2186"]
[PlyCount "74"]
[EventDate "2008.02.05"]
[EventType "swiss"]
[EventRounds "6"]
[EventCountry "ITA"]
[SourceTitle "EXT 2010"]
[Source "ChessBase"]
[SourceDate "2010.11.25"]
[SourceVersion "1"]
[SourceVersionDate "2010.11.25"]
[SourceQuality "1"]

1. d4 g6 2. c4 Bg7 3. Nc3 Nf6 4. Nf3 0-0 5. e4 d6 6. Be2 Nbd7 7. 0-0 e5 8. d5 Nc5 9. Qc2 a5 10. Bg5 h6 11. Be3 Nfd7 12. Nd2 f5 13. f3 f4 14. Bf2 g5 15. g4 h5 16. h3 Rf7 17. b3 Bf8 18. Kg2 Rh7 19. Rh1 Be7 20. Rab1 Nf6 21. a3 Bd7 22. Qb2 Qc8 23. b4 axb4 24. axb4 Na4 25. Nxa4 Rxa4 26. Bd1 Ra8 27. c5 hxg4 28. hxg4 Rxh1 29. Kxh1 Bxg4 30. fxg4 Nxg4 31. Kg2 Nxf2 32. Kxf2 Qh3 33. Nf1 g4 34. Qb3 Bh4+ 35. Kg1 f3 36. Bxf3 gxf3 37. Rb2 f2+ 0-1

[Event "Ceriano Laghetto Autunno op"]
[Site "Ceriano Laghetto"]
[Date "2006.11.28"]
[Round "4"]
[White "Viale, Fabio"]
[Black "Squillante, Michele"]
[Result "1/2-1/2"]
[WhiteElo "1688"]
[BlackElo "1721"]
[PlyCount "50"]
[EventDate "2006.11.07"]
[EventType "swiss"]
[EventRounds "6"]
[EventCountry "ITA"]
[SourceTitle "EXT 2011"]
[Source "ChessBase"]
[SourceDate "2010.11.26"]
[SourceVersion "1"]
[SourceVersionDate "2010.11.26"]
[SourceQuality "1"]

1. d4 Nf6 2. c4 g6 3. Nf3 Bg7 4. Nc3 d5 5. e3 0-0 6. Be2 b6 7. 0-0 Bb7 8. Rb1 e6 9. b4 dxc4 10. Bxc4 Nc6 11. a3 Ne7 12. Qe2 Nfd5 13. Bb2 Nxc3 14. Bxc3 Nd5 15. Ba1 Nf6 16. Bd3 Re8 17. Rfd1 Qe7 18. Rbc1 Nd5 19. Bb5 Red8 20. Bc6 Bxc6 21. Rxc6 Rd6 22. Rdc1 Rxc6 23. Rxc6 Qd7 24. Qc2 Rc8 25. Qc1 Ne7 1/2-1/2

[Event "Bresso op 5th"]
[Site "Bresso"]
[Date "2006.06.17"]
[Round "3"]
[White "Giancola, Andrea"]
[Black "Viale, Fabio"]
[Result "0-1"]
[WhiteElo "1592"]
[BlackElo "1613"]
[PlyCount "27"]
[EventDate "2006.06.15"]
[EventType "swiss"]
[EventRounds "6"]
[EventCountry "ITA"]
[SourceTitle "EXT 2024"]
[Source "ChessBase"]
[SourceDate "2023.10.10"]
[SourceVersion "1"]
[SourceVersionDate "2023.10.10"]
[SourceQuality "1"]

1. d4 Nf6 2. c4 e6 3. Nc3 Bb4 4. Bd2 0-0 5. e3 d5 6. cxd5 exd5 7. Bd3 Re8 8. Nge2 b6 9. Rc1 Ba6 10. Bxa6 Nxa6 11. Nb5 Bxd2+ 12. Qxd2 Qd7 13. Nbc3 Ne4 14. Ng3 0-1

[Event "Bresso op 5th"]
[Site "Bresso"]
[Date "2006.06.17"]
[Round "4"]
[White "Viale, Fabio"]
[Black "Bettini, Massimo"]
[Result "1/2-1/2"]
[WhiteElo "1613"]
[BlackElo "1915"]
[PlyCount "82"]
[EventDate "2006.06.15"]
[EventType "swiss"]
[EventRounds "6"]
[EventCountry "ITA"]
[SourceTitle "EXT 2024"]
[Source "ChessBase"]
[SourceDate "2023.10.10"]
[SourceVersion "1"]
[SourceVersionDate "2023.10.10"]
[SourceQuality "1"]

1. d4 Nf6 2. c4 g6 3. Nc3 Bg7 4. e4 d6 5. Be2 0-0 6. Nf3 e5 7. 0-0 Nc6 8. d5 Ne7 9. Ne1 Ne8 10. f3 f5 11. Be3 f4 12. Bf2 g5 13. a4 Rf6 14. g4 fxg3 15. hxg3 Bh3 16. Ng2 Rh6 17. Be3 Ng6 18. Kf2 Nf4 19. Bxf4 gxf4 20. g4 Bxg2 21. Kxg2 Qh4 22. Rg1 Bf6 23. Kf1 Ng7 24. Bd3 Kh8 25. Qe2 Rg8 26. Qf2 Qg5 27. Ke2 Rh3 28. Rh1 Rg3 29. Rag1 Rxg1 30. Rxg1 Nh5 31. Kd1 Ng3 32. Ne2 Rg6 33. Nxg3 fxg3 34. Rxg3 Qf4 35. Rg2 Bg5 36. Kc2 Rh6 37. Qxa7 Qc1+ 38. Kb3 Qd1+ 39. Kc3 Qe1+ 40. Kb3 Qd1+ 41. Kc3 Qe1+ 1/2-1/2

[Event "Bresso op 5th"]
[Site "Bresso"]
[Date "2006.06.16"]
[Round "2"]
[White "Viale, Fabio"]
[Black "Brighenti, Alessandro"]
[Result "1-0"]
[WhiteElo "1613"]
[BlackElo "1460"]
[PlyCount "113"]
[EventDate "2006.06.15"]
[EventType "swiss"]
[EventRounds "6"]
[EventCountry "ITA"]
[SourceTitle "CBM 112 Extra"]
[Source "ChessBase"]
[SourceDate "2006.07.14"]
[SourceVersion "1"]
[SourceVersionDate "2006.07.14"]
[SourceQuality "1"]

1. d4 Nf6 2. c4 g6 3. Nc3 d5 4. Bg5 Ne4 5. Nxe4 dxe4 6. e3 Bg7 7. Ne2 c5 8. d5 Bxb2 9. Rb1 Qa5+ 10. Qd2 Qxd2+ 11. Kxd2 Bg7 12. g3 Na6 13. h4 h6 14. Bf4 f6 15. g4 g5 16. hxg5 fxg5 17. Bh2 0-0 18. Bg3 b6 19. Bg2 Bxg4 20. Bxe4 Bf3 21. Bxf3 Rxf3 22. Ng1 Rf7 23. Nh3 Nb8 24. f4 gxf4 25. Bxf4 Nd7 26. Rbg1 Kf8 27. Rg6 Rf6 28. Rhg1 Rxg6 29. Rxg6 Kf7 30. Re6 Nf8 31. Re4 Ng6 32. Bg3 Rf8 33. Re6 Ba1 34. Nf4 Nxf4 35. Bxf4 Rg8 36. Kc2 Rg6 37. Kb1 Bg7 38. Re4 h5 39. Bc7 Bf6 40. Rf4 Rg4 41. Kc2 Rxf4 42. Bxf4 h4 43. Kd3 h3 44. e4 Bd4 45. Ke2 Bg1 46. Kf3 Kg6 47. e5 h2 48. Kg2 Kf5 49. Bg3 Bd4 50. d6 exd6 51. exd6 Bf6 52. Kxh2 Ke4 53. Kh3 Kd3 54. Bh4 Bd8 55. Bxd8 Kxc4 56. d7 Kb5 57. Bf6 1-0